- Memoria colectiva
Entry Materia
001 - NÚMERO DE CONTROL DEL REGISTRO
- campo de control: 50811
003 - IDENTIFICADOR DE NUMERO DE CONTROL
- campo de control: MX-MxUPN
005 - FECHA Y HORA DE LA ÚLTIMA TRANSACCIÓN
- campo de control: 20240111190226.0
008 - DATOS DE LONGITUD FIJA
- campo de control de longitud fija: 240111 n annnnbabn | ana d
040 ## - FUENTE DE LA CATALOGACIÓN
- Centro catalogador de origen: MX-MxUNAM
- Lengua de catalogación: spa
- Agencia de transcripción: MX-MxUPN
053 ## - NÚMERO CLASIFICADOR - BIBLIOTECA DEL CONGRESO (LC)
- Elemento numérico de la clasificación - Número único o no. inicial del rango: BF378 S65
150 ## - ENCABEZAMIENTO - TEMÁTICO
- Término de materia o nombre geográfico como elemento inicial: Memoria colectiva
450 ## - VÉASE - MATERIA
- Encabezamiento temático: Recuerdo colectivo
450 ## - VÉASE - MATERIA
- Encabezamiento temático: Memoria común
450 ## - VÉASE - MATERIA
- Encabezamiento temático: Memoria cultural
450 ## - VÉASE - MATERIA
- Encabezamiento temático: Memoria emblemática
450 ## - VÉASE - MATERIA
- Encabezamiento temático: Memoria histórica
450 ## - VÉASE - MATERIA
- Encabezamiento temático: Memoria nacional
450 ## - VÉASE - MATERIA
- Encabezamiento temático: Memoria pública
450 ## - VÉASE - MATERIA
- Encabezamiento temático: Memoria social
670 ## - FUENTE EN LA QUE SE LOCALIZARON DATOS
- Cita de la fuente: Autoridades LIBRUNAM, 11 enero 2024 :
- Información localizada: (Memoria colectiva)
- Identificador Uniforme del Recurso: https://librunam.dgb.unam.mx/
680 ## - NOTA GENERAL CON DESPLIEGUE PÚBLICO
- Texto explicativo: Aquí se asientan las obras sobre las representaciones de la historia que son compartidos con la sociedad y usados para formar un grupo o identidad nacional, así como los medios que se usan para crearlos
902 ## - CATALOGADOR
- Catalogador: VíctorGodínez/110124
